000 02306nas1a22002891i 4500
001 RU\NLR\BIBL_A\011331187
005 20260407095410.0
035 _a(NLR Aleph) 011331187
090 _a11135139
_c11135139
100 _a20170217a20169999|||y0rusy50 ca
101 0 _arus
102 _aRU
110 _azyuzz 0|y|
200 1 _aАмбулаторная и больничная психотерапевтическая и психологическая помощь сегодня (междисциплинарное взаимодействие)
_fПроф. мед. об-ние психотерапевтов, психологов и социал. работников [и др.]
210 _aМосква
_cРоссийский университет дружбы народов
_d2016 -
300 _aВ надзаг. также: Мед. ин-т Рос. ун-та дружбы народов, Союз психотерапевтов Москвы и Санкт-Петербурга, Рос. о-во психиатров [и др.]
311 _aРанее выходил как: Амбулаторная и больничная психотерапия и медицинская психология
430 0 _12001#$aАмбулаторная и больничная психотерапия и медицинская психология
_tАмбулаторная и больничная психотерапия и медицинская психология
606 1 _aПсихотерапевтическая помощь
_jПериодические издания
_92347812
_3RU\NLR\AUTH\661402892
686 1 _aР11(2)283.5я54
686 1 _aЮ948.1-82я54
712 0 2 _4570
_aПрофессиональное медицинское объединение психотерапевтов, психологов и социальных работников
_cМосква
_3RU\NLR\AUTH\8810053345
_9607111
852 _aNLR
_jП16/1871
942 _cSE
980 _aRUSPER